000 01973nam0a2200373 4500
001 RU\NLR\bibl\1184644
005 20260406100914.0
021 _aRU
_b2007-88300
_94772
035 _a(NLR Aleph) 001171224
090 _a1598632
_c1598632
100 _a20080206d2007 k y0rusy50 ca
101 0 _arus
_deng
102 _aRU
105 _aa |||||||||
200 1 _aСредства визуализации распространения света в задачах проектирования и анализа оптических систем
_fА.Г. Волобой, С.М. Вишняков, В.А. Галактионов, Д.Д. Жданов
210 _aМосква
_cИнститут прикладной математики РАН
_d2007
215 _a20 с.
_cил.
_d21
225 1 _aПрепринт
_fРос. акад. наук, Ин-т прикл. математики им. М.В. Келдыша
_vN° 54 за 2007 г.
300 _aРез. на англ. яз.
320 _aБиблиогр.: с. 20 (8 назв.)
606 1 _aОптические системы
_xРасчет на компьютерах
_92118484
_3RU\NLR\auth\661279537
606 1 _aСвет
_xРаспространение
_92142875
_3RU\NLR\auth\661291359
686 _aВ342.2
686 _aВ343
701 1 _4070
_8rus
_7ca
_aВолобой
_bА. Г.
_f1966-
_gАлексей Геннадьевич
_3RU\NLR\AUTH\7725320
_98369
701 1 _aВишняков
_bС. М.
_4070
701 1 _4070
_7ca
_8rus
_aГалактионов
_bВ. А.
_cд-р физ.-мат. наук, компьютер. графика
_gВладимир Александрович
_921413
_3RU\NLR\AUTH\7738429
701 1 _4070
_7ca
_8rus
_aЖданов
_bД. Д.
_cканд. физ.-мат. наук
_gДмитрий Дмитриевич
_3RU\NLR\AUTH\770289453
_92695220
801 0 _aRU
_bNLR
_c20080206
_gRCR
801 1 _aRU
_bNLR
_c20080206
942 _cBOOK
980 _aNB